Capitales des pays de l'OTAN (sans indice) - Statistiques

Statistiques générales
  • Ce quiz a été pris 215 fois
    52 depuis la dernière actualisation
  • Le résultat moyen est 24 sur 32
Statistiques - réponses
Capitale % Correct
Paris
100%
Berlin
96%
Madrid
94%
Washington
91%
Lisbonne
89%
Londres
89%
Amsterdam
87%
Rome
87%
Bruxelles
85%
Oslo
83%
Athènes
81%
Budapest
81%
Helsinki
79%
Varsovie
79%
Bucarest
77%
Luxembourg
77%
Prague
77%
Ottawa
74%
Copenhague
72%
Riga
72%
Stockholm
72%
Zagreb
72%
Ankara
70%
Sofia
70%
Vilnius
70%
Bratislava
68%
Tallinn
68%
Reykjavík
64%
Ljubljana
57%
Tirana
55%
Skopje
38%
Podgorica
36%
Aucun quiz correspondant
Distribution des résultats
% des personnes avec chaque résultat
Percentile par nombre de réponses
Votre historique - résultats
Vous n’avez pas pris ce quiz depuis la dernière actualisation